Regulation of Health: Case Studies of Sweden and Switzerland : (Record no. 595801)

MARC details
000 -LEADER
fixed length control field 00556nam a2200193 a 4500
008 - FIXED-LENGTH DATA ELEMENTS--GENERAL INFORMATION
fixed length control field 251105s1998##################000#0#eng##
020 ## - INTERNATIONAL STANDARD BOOK NUMBER
ISBN 9780792383420
082 04 - DEWEY DECIMAL CLASSIFICATION NUMBER
Classification number 613
Item number ZWE
100 1# - MAIN ENTRY--AUTHOR NAME
Personal name Zweifel, Peter,
245 10 - TITLE STATEMENT
Title Regulation of Health: Case Studies of Sweden and Switzerland :
260 ## - PUBLICATION, DISTRIBUTION, ETC. (IMPRINT)
Name of publisher Springer Science & Business Media,
Year of publication 1998.
300 ## - PHYSICAL DESCRIPTION
Number of Pages 296 pages
650 #0 - SUBJECT ADDED ENTRY--TOPICAL TERM
Topical Term Business & Economics.
942 ## - ADDED ENTRY ELEMENTS (KOHA)
Koha item type English Books
Holdings
Withdrawn status Lost status Damaged status Not for loan Home library Current library Shelving location Date acquired Full call number Accession Number Price effective from Koha item type
        Anna Centenary Library Anna Centenary Library 5TH FLOOR, B WING 05.11.2025 613 ZWE 305064 05.11.2025 English Books

Find us on the map